000 00565nam a2200241Ia 4500
003 OSt
005 20221005132612.0
006 a|||||r|||| 00| 0
007 ta
008 221004b |||||||| |||| 00| 0 tel d
024 _a39861
037 _cTextual
040 _aCRL
_cCRL
_btel
041 _2tel
_atel
082 _aW81, 35L6
100 _aInnaiah
_9641387
245 0 _aUgravaadulu
260 _c1976
300 _a84p.
_ccm.
650 _aPOLITICAL SCIENCE
942 _hW81, 35L6
_cTEXL
_2cc
999 _c1064163
_d1064163